Forced Migration in the Feminist Imagination (Record no. 93625)

MARC details
000 -LEADER
fixed length control field 02256nam a2200229Ii 4500
008 - FIXED-LENGTH DATA ELEMENTS--GENERAL INFORMATION
fixed length control field 221202s xx 000 0 und d
100 1# - MAIN ENTRY--PERSONAL NAME
Personal name Ball, Anna,
Relator term author
245 #0 - TITLE STATEMENT
Title Forced Migration in the Feminist Imagination
246 ## - VARYING FORM OF TITLE
Title proper/short title Transcultural Movements (Edition 1)
264 ## - PRODUCTION, PUBLICATION, DISTRIBUTION, MANUFACTURE, AND COPYRIGHT NOTICE
Name of producer, publisher, distributor, manufacturer Routledge
Date of production, publication, distribution, manufacture, or copyright notice 2021
300 ## - PHYSICAL DESCRIPTION
Extent 1 online resource
336 ## - CONTENT TYPE
Content type term text
Content type code txt
Source rdacontent
337 ## - MEDIA TYPE
Media type term computer
Media type code c
Source rdamedia
338 ## - CARRIER TYPE
Carrier type term online resource
Carrier type code cr
Source rdacarrier
520 ## - SUMMARY, ETC.
Summary, etc. Forced Migration in the Feminist Imagination explores how feminist acts of imaginative expression, community-building, scholarship, and activism create new possibilities for women experiencing forced migration in the twenty-first century. Drawing on literature, film, and art from a range of transnational contexts including Europe, the Middle East, Central America, Australia, and the Caribbean, this volume reveals the hitherto unrecognised networks of feminist alliance being formulated across borders, while reflecting carefully on the complex politics of cross-cultural feminist solidarity. The book presents a variety of cultural case-studies that each reveal a different context in which the transcultural feminist imagination can be seen to operate : from the 'maternal feminism' of literary journalism confronting the European 'refugee crisis' to Iran's female film directors building creative collaborations with displaced Afghan women; and from artists employing sonic creativities in order to listen to women in U.K. and Australian detention, to LGBTQ+ poets and video artists articulating new forms of queer feminist community against the backdrop of the hostile environment. This is an essential read for scholars in Women's and Gender Studies, Feminist and Postcolonial Literary and Cultural Studies, and Comparative Literary Studies, as well as for those operating in the fields of Gender and Development Studies and Forced Migration Studies.
653 ## - INDEX TERM--UNCONTROLLED
Uncontrolled term Feminism & Feminist Theory
653 ## - INDEX TERM--UNCONTROLLED
Uncontrolled term Social Science
653 ## - INDEX TERM--UNCONTROLLED
Uncontrolled term Social Science
653 ## - INDEX TERM--UNCONTROLLED
Uncontrolled term Women'S Studies
856 ## - ELECTRONIC LOCATION AND ACCESS
Uniform Resource Identifier <a href="https://docs.google.com/spreadsheets/d/1yKIrdCPDAG_9c22mwoOIO2DOhtj65Wqa/edit?usp=sharing&ouid=106555315294820607512&rtpof=true&sd=true ">https://docs.google.com/spreadsheets/d/1yKIrdCPDAG_9c22mwoOIO2DOhtj65Wqa/edit?usp=sharing&ouid=106555315294820607512&rtpof=true&sd=true </a>
Link text List of Curated E-Books
942 ## - ADDED ENTRY ELEMENTS (KOHA)
Koha item type E-Book

No items available.

University of Rizal System
Email us at univlibservices@urs.edu.ph

Visit our Website www.urs.edu.ph/library